Les Demi-finales en Coupe du Monde de Football - Statistiques

Statistiques générales
  • Ce quiz a été pris 1 445 fois
    633 depuis la dernière actualisation
  • Le résultat moyen est 23 sur 26
Statistiques - réponses
Réponse % Correct
Brésil
100%
France
100%
Allemagne
99%
Argentine
99%
RFA
99%
Espagne
98%
Italie
98%
Angleterre
97%
Belgique
97%
Croatie
97%
Maroc
96%
Uruguay
96%
Pays-Bas
94%
Portugal
94%
URSS
88%
Suède
86%
Etats-Unis
82%
Corée du Sud
80%
Chili
75%
Yougoslavie
74%
Hongrie
73%
Pologne
73%
Turquie
73%
Tchécoslovaquie
71%
Autriche
63%
Bulgarie
58%
Aucun quiz correspondant
Distribution des résultats
% des personnes avec chaque résultat
Percentile par nombre de réponses
Votre historique - résultats
Vous n’avez pas pris ce quiz depuis la dernière actualisation